Obálka Náhled e-knihy:
PDF
Pro půjčování e-knih musíte být přihlášeni.
Jak si půjčit online?

Víly priateľstva 1 /

Emma, Holly a Jess sú sestry, a hoci sú víly, často sa správajú ako obyčajné dievčatá – rady sa zabávajú a uťahujú si zo seba navzájom aj z druhých. Chodia aj do školy, no neučia sa tam čítať, písať ani počítať, ale ako sa slušne a láskavo správať. Po každej teoretickej hodine majú za úlohu naučiť s...

Celý popis

Uloženo v:
Série:Víly priateľstva, část 1
Hlavní autor: Kennedy, Lucy (Autor)
Médium: E-kniha
Jazyk:Czech
Vydáno: Praha : Albatros Media Slovakia s.r.o., 2026
Příbuzné jednotky:Z cyklu:: Víly priateľstva
Tagy:
Žádné tagy
LEADER 01444nam a22002417i 4500
001 302748
007 ta
008 260514s2026 xr ||||| |||| 00| 0 cze d
020 |a 9788056651346 
044 |a xr 
100 1 |a  Kennedy, Lucy  |4 aut 
245 1 0 |a Víly priateľstva 1 /  |c  Kennedy, Lucy 
240 1 0 |a The Friendship Fairies 
264 1 |a Praha :  |b Albatros Media Slovakia s.r.o.,  |c 2026 
300 |a 1 online zdroj (128 stran) 
336 |a text  |b txt  |2 rdacontent 
337 |a bez média  |b n  |2 rdamedia 
338 |a online zdroj  |b cr  |2 rdacarrier 
520 2 |a Emma, Holly a Jess sú sestry, a hoci sú víly, často sa správajú ako obyčajné dievčatá – rady sa zabávajú a uťahujú si zo seba navzájom aj z druhých. Chodia aj do školy, no neučia sa tam čítať, písať ani počítať, ale ako sa slušne a láskavo správať. Po každej teoretickej hodine majú za úlohu naučiť slušnému správaniu deti z ľudského sveta vo svojom susedstve. A to nie je vždy jednoduché... 
787 0 8 |g 1  |i Z cyklu:  |t Víly priateľstva 
910 |a RBIT002 
998 |d 427006  |a https://core.palmknihy.cz/api/books/427006/cover?tesgil  |b https://core.palmknihy.cz/api/books/427006/cover/400?tesgil  |c https://core.palmknihy.cz/api/books/427006/cover/50?tesgil  |e 2030-06-04  |g 128  |i 9788056651346  |k https://core.palmknihy.cz/api/books/427006/preview.pdf  |l   |q 49  |r 1  |s https://www.palmknihy.cz/kniha/427006  |t ebook  |y 2026  |z 1  |v Víly priateľstva  |w 1 
999 |d 302746